| 000 | 00381nam a2200133Ia 4500 | ||
|---|---|---|---|
| 005 | 20260326100032.0 | ||
| 008 | 260326s9999||||xx |||||||||||||| ||und|| | ||
| 100 | _aRudofsky, Bernard | ||
| 245 | 0 |
_aConstructores prodigiosos : _b Apuntes sobre una Historia natural de la Arquitectura / _cBernard Rudofsky |
|
| 260 | _bConcepto | ||
| 300 | _a396 p. | ||
| 650 | _aHISTORIA | ||
| 942 | _cBK | ||
| 999 |
_c6628 _d6628 |
||